[Event "Frome Open 2018"]
[Site "Frome ENG"]
[Date "2018.05.20"]
[Round "4.10"]
[White "Fallowfield, Nicholas"]
[Black "Menadue, Jeremy FS"]
[Result "1/2-1/2"]
[WhiteElo "1908"]
[BlackElo "2055"]
[PlyCount "37"]
[EventDate "2018.??.??"]
[SourceVersionDate "2018.05.20"]

1. Nf3 d5 2. c4 c6 3. g3 Nf6 4. Bg2 Bf5 5. cxd5 cxd5 6. Qb3 Qc8 7. Nc3 e6 8. d3
Be7 9. O-O Nc6 10. Bf4 O-O 11. Rac1 Qd7 12. Ne5 Nxe5 13. Bxe5 Rfc8 14. e4 dxe4
15. dxe4 Bg4 16. f3 Bh5 17. Rfd1 Bc5+ 18. Kh1 Qe7 19. Bd4 1/2-1/2

[Event "Frome Open 2018"]
[Site "Frome ENG"]
[Date "2018.05.20"]
[Round "4.11"]
[White "Forster, James Connor C"]
[Black "Waterfield, John W"]
[Result "1/2-1/2"]
[WhiteElo "1843"]
[BlackElo "1942"]
[PlyCount "63"]
[EventDate "2018.??.??"]
[SourceVersionDate "2018.05.20"]

1. d4 Nf6 2. c4 c5 3. d5 b5 4. Qc2 bxc4 5. e4 d6 6. Bxc4 g6 7. Nf3 Bg7 8. O-O
O-O 9. Re1 Nbd7 10. h3 Bb7 11. Bd2 Nb6 12. Na3 Qc8 13. Rad1 Rb8 14. b3 Rd8 15.
Ba5 Nfd7 16. Nb5 Ra8 17. Re2 Rf8 18. Na3 Ne5 19. Nxe5 Bxe5 20. Bd2 Ba6 21. Ree1
Bxc4 22. Nxc4 Nxc4 23. bxc4 Qa6 24. Rb1 Rab8 25. Bh6 Bg7 26. Bd2 Rb6 27. Rb3
Rfb8 28. Reb1 h6 29. Be1 Kh7 30. Kf1 Be5 31. Bd2 Kg7 32. Be1 1/2-1/2

[Event "Frome Open 2018"]
[Site "Frome ENG"]
[Date "2018.05.20"]
[Round "4.12"]
[White "Hollands, George E"]
[Black "Richmond, Jane"]
[Result "1/2-1/2"]
[WhiteElo "1766"]
[BlackElo "2096"]
[PlyCount "43"]
[EventDate "2018.??.??"]
[SourceVersionDate "2018.05.20"]

1. d4 Nf6 2. c4 e6 3. g3 d5 4. Nf3 Be7 5. Bg2 O-O 6. O-O c5 7. cxd5 exd5 8. Nc3
Nc6 9. Bf4 Qa5 10. dxc5 Qxc5 11. Rc1 Rd8 12. Bg5 d4 13. Ne4 Qf5 14. Nxf6+ Bxf6
15. Bxf6 Qxf6 16. Ne1 Bf5 17. Nd3 Rac8 18. a3 Re8 19. Qd2 Re7 20. Nf4 Qh6 21.
Bxc6 Rxc6 22. Qxd4 1/2-1/2

[Event "Frome Open 2018"]
[Site "Frome ENG"]
[Date "2018.05.20"]
[Round "4.13"]
[White "Hamilton, Selwyn LL"]
[Black "Small, Simon"]
[Result "0-1"]
[WhiteElo "1678"]
[BlackElo "2245"]
[PlyCount "96"]
[EventDate "2018.??.??"]
[SourceVersionDate "2018.05.20"]

1. Nf3 Nf6 2. c4 g6 3. g3 Bg7 4. Bg2 O-O 5. O-O d6 6. d4 Nc6 7. d5 Na5 8. Nfd2
c5 9. Nc3 a6 10. Qc2 Rb8 11. b3 b5 12. Bb2 e6 13. Rab1 Re8 14. e3 exd5 15. Nxd5
Bf5 16. e4 Bd7 17. cxb5 axb5 18. Rfe1 Nc6 19. Bxf6 Bxf6 20. Nxf6+ Qxf6 21. Qb2
Qxb2 22. Rxb2 Nb4 23. Ra1 Bc6 24. a3 Ra8 25. Rbb1 Nc2 26. Ra2 Nd4 27. Kf1 Ra7
28. Rba1 Rea8 29. a4 c4 30. bxc4 Rxa4 31. Rxa4 Rxa4 32. Rc1 bxc4 33. e5 Bb5 34.
Nf3 dxe5 35. Nxe5 c3+ 36. Ke1 Ra2 37. Bf1 Nb3 38. Bxb5 Nxc1 39. Nd3 Nxd3+ 40.
Bxd3 Rd2 41. Be2 Kg7 42. h4 h6 43. Bc4 Kf6 44. f4 Rg2 45. Kd1 Rxg3 46. Kc2 h5
47. Bd3 Rxd3 48. Kxd3 Kf5 0-1

[Event "Frome Open 2018"]
[Site "Frome ENG"]
[Date "2018.05.20"]
[Round "4.14"]
[White "Gregory, Andrew M"]
[Black "Howells, Chris"]
[Result "1/2-1/2"]
[WhiteElo "1973"]
[BlackElo "1850"]
[PlyCount "48"]
[EventDate "2018.??.??"]
[SourceVersionDate "2018.05.20"]

1. d4 Nf6 2. Nf3 d5 3. e3 e6 4. Be2 Bd6 5. O-O Nbd7 6. Nbd2 O-O 7. b3 e5 8.
dxe5 Nxe5 9. Bb2 Qe7 10. c4 dxc4 11. Nxe5 Bxe5 12. Bxe5 Qxe5 13. Nxc4 Qe7 14.
Bf3 Rd8 15. Qc2 g6 16. Rfe1 c6 17. e4 Be6 18. e5 Ne8 19. Re3 Rd7 20. Rae1 Rad8
21. a4 Qb4 22. Qc3 Qc5 23. h3 Rd4 24. Na5 Qb6 1/2-1/2

[Event "Frome Open 2018"]
[Site "Frome ENG"]
[Date "2018.05.20"]
[Round "4.15"]
[White "Bourne, Jonathan"]
[Black "Ward, Julian D"]
[Result "1/2-1/2"]
[WhiteElo "1934"]
[BlackElo "1937"]
[PlyCount "36"]
[EventDate "2018.??.??"]
[SourceVersionDate "2018.05.20"]

1. e4 c5 2. Nc3 d6 3. f4 e6 4. Nf3 a6 5. a4 b6 6. Bc4 Qc7 7. O-O Nf6 8. d3 Nbd7
9. Qe1 Be7 10. f5 Ne5 11. Nxe5 dxe5 12. fxe6 Bxe6 13. Bxe6 fxe6 14. b3 O-O 15.
Bd2 Rf7 16. Qe2 Raf8 17. Rae1 Qd7 18. Nd1 h6 1/2-1/2

[Event "Frome Open 2018"]
[Site "Frome ENG"]
[Date "2018.05.20"]
[Round "4.16"]
[White "Martin, Lewis"]
[Black "Clancy, Martin J"]
[Result "1-0"]
[WhiteElo "2109"]
[BlackElo "1820"]
[PlyCount "73"]
[EventDate "2018.??.??"]
[SourceVersionDate "2018.05.20"]

1. e4 c5 2. Nf3 e6 3. d4 cxd4 4. Nxd4 Nf6 5. Nc3 Nc6 6. Be3 d6 7. Be2 Be7 8.
O-O a6 9. Nb3 b5 10. a3 Bb7 11. f4 Rc8 12. Bf3 Na5 13. Nxa5 Qxa5 14. e5 Bxf3
15. Qxf3 Nd7 16. exd6 Bxd6 17. Qb7 Rd8 18. Rad1 Bxa3 19. Ra1 b4 20. Nb1 Qf5 21.
bxa3 O-O 22. axb4 Nf6 23. Bc5 Rfe8 24. Rxa6 Qxc2 25. Na3 Qb3 26. b5 Rd7 27. Qc6
h5 28. h3 Kh7 29. Bd6 Qe3+ 30. Kh2 Red8 31. Qc2+ Ne4 32. Nc4 Qg3+ 33. Kg1 f5
34. Ra3 Qh4 35. Be5 Rd1 36. Rxd1 Rxd1+ 37. Qxd1 1-0

[Event "Frome Open 2018"]
[Site "Frome ENG"]
[Date "2018.05.20"]
[Round "5.1"]
[White "Stoyanov, Viktor"]
[Black "Anderson, Peter W"]
[Result "1-0"]
[WhiteElo "2129"]
[BlackElo "1977"]
[PlyCount "49"]
[EventDate "2018.??.??"]
[SourceVersionDate "2018.05.20"]

1. d4 g6 2. Nf3 Bg7 3. e4 d6 4. Nbd2 Nd7 5. c3 e5 6. dxe5 dxe5 7. Bc4 Ngf6 8.
Ng5 O-O 9. Ndf3 Qe7 10. Nxf7 Nb6 11. Bb3 Bg4 12. Nh6+ Kh8 13. Nxg4 Nxg4 14. O-O
Bh6 15. Bxh6 Nxh6 16. Qd2 Rf4 17. g3 Rxf3 18. Qxh6 Raf8 19. Rad1 Qc5 20. Rd2 a5
21. Qg5 Kg7 22. Kg2 h6 23. Qg4 a4 24. Bd1 Nc4 25. Bxf3 1-0

[Event "Frome Open 2018"]
[Site "Frome ENG"]
[Date "2018.05.20"]
[Round "5.2"]
[White "Turner, Joseph D"]
[Black "Jones, Steven A"]
[Result "0-1"]
[WhiteElo "1855"]
[BlackElo "2225"]
[PlyCount "58"]
[EventDate "2018.??.??"]
[SourceVersionDate "2018.05.20"]

1. e4 c5 2. Nf3 Nc6 3. d4 cxd4 4. Nxd4 Nf6 5. Nc3 e5 6. Ndb5 d6 7. Nd5 Nxd5 8.
exd5 Nb8 9. c3 Be7 10. a4 O-O 11. Be3 a6 12. Na3 f5 13. Bd3 Nd7 14. f4 Nf6 15.
fxe5 Ng4 16. Bg1 Nxe5 17. Be2 f4 18. Bf2 Qe8 19. O-O Qg6 20. h4 Qh6 21. Nc2 g6
22. Bf3 Bxh4 23. Nd4 Bg3 24. Bxg3 fxg3 25. Re1 Qh2+ 26. Kf1 Bh3 27. Ke2 Bxg2
28. Ke3 Nc4+ 29. Ke4 Qh4+ 0-1

[Event "Frome Open 2018"]
[Site "Frome ENG"]
[Date "2018.05.20"]
[Round "5.3"]
[White "Headlong, Timothy"]
[Black "Waddington, Mike P"]
[Result "1/2-1/2"]
[WhiteElo "2128"]
[BlackElo "2073"]
[PlyCount "44"]
[EventDate "2018.??.??"]
[SourceVersionDate "2018.05.20"]

1. Nf3 f5 2. g3 Nf6 3. Bg2 g6 4. O-O Bg7 5. d4 O-O 6. c4 d6 7. Nc3 c6 8. Rb1 a5
9. b3 Na6 10. Bb2 Qc7 11. d5 e5 12. dxe6 Bxe6 13. Nd4 Rae8 14. Nxe6 Rxe6 15.
Qc2 Nb4 16. Qd2 Rfe8 17. a3 Na6 18. e3 Nc5 19. Qc2 Qb6 20. Ba1 Qc7 21. Bb2 Qb6
22. Ba1 Qc7 1/2-1/2

[Event "Frome Open 2018"]
[Site "Frome ENG"]
[Date "2018.05.20"]
[Round "5.4"]
[White "Adaway, William"]
[Black "de Coverly, Roger D"]
[Result "0-1"]
[WhiteElo "1864"]
[BlackElo "1943"]
[PlyCount "92"]
[EventDate "2018.??.??"]
[SourceVersionDate "2018.05.20"]

1. e4 e5 2. Bc4 Nc6 3. Nf3 Nf6 4. d3 Be7 5. O-O O-O 6. Re1 d6 7. a4 a6 8. c3
Na5 9. Ba2 c5 10. Nbd2 Be6 11. b4 Bxa2 12. Rxa2 cxb4 13. cxb4 Nc6 14. Rb2 b5
15. Nf1 d5 16. exd5 Nxd5 17. Bd2 Ndxb4 18. Bxb4 Bxb4 19. Re4 Bc3 20. Rc2 b4 21.
Ng3 f5 22. Rc4 Rc8 23. Ne2 e4 24. Nxc3 exf3 25. Nb1 Qd5 26. Qxf3 Qxf3 27. gxf3
Ne7 28. Nd2 Rb8 29. Rb2 Nd5 30. Rd4 Rfd8 31. Nc4 g5 32. Ne5 Rbc8 33. h4 h6 34.
Rc4 Re8 35. Nc6 Re1+ 36. Kh2 Ra1 37. Rbxb4 Nxb4 38. Ne7+ Kf7 39. Nxc8 Nxd3 40.
hxg5 hxg5 41. Rc7+ Kf6 42. Rc6+ Ke5 43. Rxa6 Kf4 44. Ne7 Ne5 45. Kg2 Nxf3 46.
Ng6+ Kg4 0-1

[Event "Frome Open 2018"]
[Site "Frome ENG"]
[Date "2018.05.20"]
[Round "5.5"]
[White "Abicht, Till Konstantin"]
[Black "Duggan, Michael FG"]
[Result "1/2-1/2"]
[WhiteElo "2183"]
[BlackElo "2080"]
[PlyCount "28"]
[EventDate "2018.??.??"]
[SourceVersionDate "2018.05.20"]

1. Nc3 d5 2. e4 dxe4 3. Nxe4 Bf5 4. Ng3 Bg6 5. Nf3 Nd7 6. d4 e6 7. Bd3 Ngf6 8.
Bg5 c5 9. O-O cxd4 10. Nxd4 Be7 11. Re1 O-O 12. Bxg6 hxg6 13. Qe2 Qa5 14. h4
Rac8 1/2-1/2

[Event "Frome Open 2018"]
[Site "Frome ENG"]
[Date "2018.05.20"]
[Round "5.6"]
[White "Small, Simon"]
[Black "Whitehead, Mark A"]
[Result "1/2-1/2"]
[WhiteElo "2245"]
[BlackElo "1897"]
[PlyCount "55"]
[EventDate "2018.??.??"]
[SourceVersionDate "2018.05.20"]

1. d4 Nf6 2. Nf3 b6 3. g3 Bb7 4. Bg2 d5 5. O-O e6 6. c4 c6 7. b3 Be7 8. Bb2 O-O
9. Nbd2 Nbd7 10. Ne5 c5 11. e3 Rc8 12. Rc1 Ne4 13. Nxe4 dxe4 14. Nxd7 Qxd7 15.
d5 exd5 16. Bxe4 Rcd8 17. Bxd5 Bxd5 18. cxd5 Qxd5 19. Qg4 Qg5 20. Qxg5 Bxg5 21.
Rcd1 f5 22. Be5 Rxd1 23. Rxd1 Rd8 24. Rxd8+ Bxd8 25. Kf1 Kf7 26. Ke2 g6 27. Kd3
b5 28. Bb8 1/2-1/2

[Event "Frome Open 2018"]
[Site "Frome ENG"]
[Date "2018.05.20"]
[Round "5.7"]
[White "Villiers, Thomas"]
[Black "Forster, James Connor C"]
[Result "1-0"]
[WhiteElo "2195"]
[BlackElo "1843"]
[PlyCount "105"]
[EventDate "2018.??.??"]
[SourceVersionDate "2018.05.20"]

1. c4 d5 2. cxd5 Qxd5 3. Nc3 Qd6 4. Nf3 Nf6 5. d4 c6 6. e4 Qd8 7. Bc4 e6 8. Bg5
Be7 9. O-O Nbd7 10. e5 Nd5 11. Bxe7 Nxc3 12. bxc3 Qxe7 13. Nd2 O-O 14. Ne4 Rd8
15. Nd6 Nf8 16. f4 Rxd6 17. exd6 Qxd6 18. Qe2 Ng6 19. f5 Nf8 20. Qh5 Qe7 21.
Rae1 Bd7 22. Qg4 Kh8 23. fxe6 Bxe6 24. Qf3 Kg8 25. Kh1 Qd7 26. Bxe6 Nxe6 27.
Qf5 Rd8 28. c4 Qc7 29. d5 cxd5 30. cxd5 Nf8 31. Rc1 Qd7 32. Qxd7 Rxd7 33. Rc8
f6 34. Rd1 Kf7 35. Kg1 Ng6 36. d6 Ne5 37. Kf2 Ke6 38. Re8+ Kf7 39. Ra8 a6 40.
Rc8 Ke6 41. Rc7 Nf7 42. Rb1 Nd8 43. Rb6 g6 44. Ke3 h6 45. Rxd7 Kxd7 46. Ke4 h5
47. Kd5 g5 48. Rb1 f5 49. Rf1 f4 50. h4 gxh4 51. Rxf4 b5 52. Rxh4 Nc6 53. a3
1-0

[Event "Frome Open 2018"]
[Site "Frome ENG"]
[Date "2018.05.20"]
[Round "5.8"]
[White "Howell, Oliver W"]
[Black "Weatherlake, John P"]
[Result "1/2-1/2"]
[WhiteElo "1831"]
[BlackElo "2132"]
[PlyCount "108"]
[EventDate "2018.??.??"]
[SourceVersionDate "2018.05.20"]

1. Nf3 h6 2. c4 d6 3. g3 g5 4. Bg2 Bg7 5. O-O Nc6 6. d4 g4 7. Ne1 Nxd4 8. Nc3
c6 9. e3 Ne6 10. Qxg4 Ng5 11. Qe2 Nh3+ 12. Kh1 h5 13. f4 Bxc3 14. bxc3 Bg4 15.
Bf3 Nf6 16. e4 Qd7 17. e5 dxe5 18. fxe5 Nh7 19. Nd3 Bxf3+ 20. Qxf3 N7g5 21.
Bxg5 Nxg5 22. Qe3 c5 23. Qxg5 Qxd3 24. e6 Qe4+ 25. Kg1 f6 26. Qxc5 Qxe6 27.
Rae1 Qd7 28. Rxf6 Rh7 29. Rg6 b6 30. Qg5 O-O-O 31. Rge6 Re8 32. c5 b5 33. c6
Qc7 34. Qxb5 Qb6+ 35. Qxb6 axb6 36. Rd1 Rf7 37. Rd7 Rf3 38. Ra7 Kb8 39. Rb7+
Kc8 40. Rxb6 Rxc3 41. Ra6 Kc7 42. Ra7+ Kb6 43. Rb7+ Ka6 44. Rbxe7 Rc8 45. c7+
Kb7 46. Re5 h4 47. Rb5+ Kc6 48. Rb8 Rxc7 49. Rxc7+ Kxc7 50. Rg8 h3 51. g4 Rc2
52. a4 Rg2+ 53. Kf1 Rxh2 54. Rh8 Rg2 1/2-1/2

[Event "Frome Open 2018"]
[Site "Frome ENG"]
[Date "2018.05.20"]
[Round "5.9"]
[White "Hurst, Eddie"]
[Black "Krzyzanowski, Patryk"]
[Result "0-1"]
[WhiteElo "1931"]
[BlackElo "2079"]
[PlyCount "74"]
[EventDate "2018.??.??"]
[SourceVersionDate "2018.05.20"]

1. d4 Nf6 2. Bf4 e6 3. Nf3 c5 4. e3 Be7 5. h3 b6 6. Nbd2 O-O 7. Bd3 d6 8. Qe2
Bb7 9. O-O Nd5 10. Bh2 Nb4 11. c3 Nxd3 12. Qxd3 Ba6 13. c4 cxd4 14. exd4 d5 15.
b3 Nc6 16. Rfd1 Na5 17. Rac1 Rc8 18. Rc2 Bb4 19. Bf4 f6 20. Qe3 Re8 21. Rdc1
Ba3 22. Re1 Qd7 23. Qd3 Nc6 24. Rc3 Bb2 25. Nb1 Bxc3 26. Nxc3 dxc4 27. bxc4 Na5
28. Ne4 e5 29. Bc1 Bxc4 30. Qa3 exd4 31. Nxd4 Qxd4 32. Bb2 Qd3 33. Nxf6+ gxf6
34. Rxe8+ Rxe8 35. Qa4 Re1+ 36. Kh2 Qd6+ 37. g3 Qc6 0-1

[Event "Frome Open 2018"]
[Site "Frome ENG"]
[Date "2018.05.20"]
[Round "5.10"]
[White "Menadue, Jeremy FS"]
[Black "Hollands, George E"]
[Result "1/2-1/2"]
[WhiteElo "2055"]
[BlackElo "1766"]
[PlyCount "33"]
[EventDate "2018.??.??"]
[SourceVersionDate "2018.05.20"]

1. d4 d5 2. Bg5 Nf6 3. Bxf6 exf6 4. e3 Bd6 5. Bd3 Be6 6. Nf3 O-O 7. O-O Re8 8.
b3 Nd7 9. c4 dxc4 10. bxc4 c5 11. h3 Nf8 12. Nc3 cxd4 13. exd4 Rc8 14. d5 Bd7
15. Ne4 Bb8 16. Rb1 b6 17. Nc3 1/2-1/2

[Event "Frome Open 2018"]
[Site "Frome ENG"]
[Date "2018.05.20"]
[Round "5.11"]
[White "Waterfield, John W"]
[Black "Jukes, Sam"]
[Result "0-1"]
[WhiteElo "1942"]
[BlackElo "1797"]
[PlyCount "78"]
[EventDate "2018.??.??"]
[SourceVersionDate "2018.05.20"]

1. e4 e5 2. f4 exf4 3. Nf3 Ne7 4. Qe2 Ng6 5. d4 Be7 6. g3 fxg3 7. hxg3 d5 8.
Nc3 Be6 9. Nxd5 Bxd5 10. exd5 Qxd5 11. c4 Qe6 12. Qxe6 fxe6 13. Bh3 Nf8 14. Bd2
Nbd7 15. O-O-O O-O-O 16. Rde1 h6 17. d5 Kb8 18. dxe6 Nc5 19. Ne5 Nd3+ 20. Nxd3
Rxd3 21. Re3 Rxd2 22. Kxd2 Bg5 23. Ke2 Bxe3 24. Kxe3 Nxe6 25. Bxe6 Re8 26. Rf1
Rxe6+ 27. Kd3 b6 28. Rf7 Rg6 29. Rf3 Rg4 30. b3 Kb7 31. Kc3 g5 32. Kd3 h5 33.
b4 h4 34. gxh4 gxh4 35. b5 Rg3 36. Ke4 Rxf3 37. Kxf3 Kc8 38. Kg4 Kd7 39. Kxh4
Kd6 0-1

[Event "Frome Open 2018"]
[Site "Frome ENG"]
[Date "2018.05.20"]
[Round "5.12"]
[White "Kramaley, David"]
[Black "Littleton, Mark"]
[Result "1/2-1/2"]
[WhiteElo "1819"]
[BlackElo "1937"]
[PlyCount "35"]
[EventDate "2018.??.??"]
[SourceVersionDate "2018.05.20"]

1. e4 c6 2. d4 d5 3. Nd2 dxe4 4. Nxe4 Bf5 5. Ng3 Bg6 6. Bc4 e6 7. N1e2 Nf6 8.
Nf4 Nd5 9. Nxg6 hxg6 10. Qf3 Nd7 11. c3 Qf6 12. Qxf6 gxf6 13. h3 Bd6 14. Ne4
Bc7 15. Bd2 Bf4 16. Bxd5 Bxd2+ 17. Kxd2 cxd5 18. Ng3 1/2-1/2

[Event "Frome Open 2018"]
[Site "Frome ENG"]
[Date "2018.05.20"]
[Round "5.13"]
[White "Gregory, Andrew M"]
[Black "Martin, Lewis"]
[Result "0-1"]
[WhiteElo "1973"]
[BlackElo "2109"]
[PlyCount "56"]
[EventDate "2018.??.??"]
[SourceVersionDate "2018.05.20"]

1. d4 d5 2. Nf3 Nf6 3. e3 c6 4. Be2 Bf5 5. O-O e6 6. Ne5 h5 7. Nd2 Nbd7 8. f4
Bd6 9. c4 h4 10. c5 Bxe5 11. fxe5 Ne4 12. Nxe4 Bxe4 13. Bf3 f5 14. Bxe4 dxe4
15. Qb3 Rh6 16. Rxf5 exf5 17. Qg8+ Nf8 18. Qxg7 Rh7 19. Qg8 Qe7 20. Bd2 Rg7 21.
Qc4 Qg5 22. Qf1 O-O-O 23. Re1 Ne6 24. Re2 Rdg8 25. b4 Nc7 26. Rf2 Nd5 27. Qe2
Qg4 28. Qf1 f4 0-1

[Event "Frome Open 2018"]
[Site "Frome ENG"]
[Date "2018.05.20"]
[Round "5.14"]
[White "Ward, Julian D"]
[Black "Howells, Chris"]
[Result "1/2-1/2"]
[WhiteElo "1937"]
[BlackElo "1850"]
[PlyCount "49"]
[EventDate "2018.??.??"]
[SourceVersionDate "2018.05.20"]

1. c4 e6 2. Nc3 d5 3. d4 Be7 4. Nf3 Nf6 5. e3 O-O 6. Bd3 Nbd7 7. O-O Re8 8. b3
Nf8 9. Bb2 b6 10. Qc2 Bb7 11. Ne5 Bd6 12. f4 c5 13. Rac1 cxd4 14. exd4 a6 15.
cxd5 Bxe5 16. fxe5 Nxd5 17. Qf2 Qe7 18. Ne4 Ng6 19. g3 Rf8 20. Nd6 f5 21. Ba3
Rfe8 22. Nxb7 Qxb7 23. Bd6 Nge7 24. Rfd1 Rac8 25. Bf1 1/2-1/2

[Event "Frome Open 2018"]
[Site "Frome ENG"]
[Date "2018.05.20"]
[Round "5.15"]
[White "Clancy, Martin J"]
[Black "Hamilton, Selwyn LL"]
[Result "1-0"]
[WhiteElo "1820"]
[BlackElo "1678"]
[PlyCount "51"]
[EventDate "2018.??.??"]
[SourceVersionDate "2018.05.20"]

1. e4 c5 2. d4 cxd4 3. c3 dxc3 4. Nxc3 Nc6 5. Nf3 d6 6. Bc4 e6 7. O-O Nge7 8.
Bg5 a6 9. a4 h6 10. Bh4 Qc7 11. Rc1 Ng6 12. Bg3 Nge5 13. Nxe5 Nxe5 14. Ba2 Qb8
15. f4 Nc6 16. f5 exf5 17. exf5 Be7 18. Nd5 O-O 19. Rxc6 bxc6 20. Nxe7+ Kh8 21.
Nxc8 Qxc8 22. f6 g6 23. Bxd6 Rd8 24. Qc1 Kh7 25. Be7 Rd7 26. Bxf7 1-0